| 000 | 01177nam a2200229Ii 4500 | ||
|---|---|---|---|
| 003 | JO-AjNU | ||
| 008 | 230605s9999||||xx |||||||||||||| ||und|| | ||
| 017 | _a2012/2592 | ||
| 020 | _a978-977-473-016-0 | ||
| 040 |
_aJO-AjNU _bara _erda _cJO-AjNU |
||
| 041 | _aara | ||
| 050 | 1 | 4 | _aHE281.5.A2.I85. 2012 |
| 100 | 3 |
_aلاشين،عبدالقادر فتحي/فريق خبراء من المنظمة العربية للتنمية الادارية, _eauthor _934397 |
|
| 245 | 0 | 0 | _aدراسة تطوير محاور النقل البري والبحري في المنظمة العربية:ج 2 النقل البحري بين الدول العربية التقرير النهائي |
| 264 | 3 | 1 | _aالقاهرة: المنظمة العربية للتنمية الادارية،2012 |
| 300 |
_a303ص _bيحتوي على جداول،يحتوي على ببلوغرافية من ص299-303 |
||
| 336 |
_atext _btxt _2rdacontent |
||
| 337 |
_aunmediated _bn _2rdamedia |
||
| 338 |
_avolume _bnc _2rdacarrier |
||
| 490 | 0 | _aالمنظمة العربية للتنمية الادارية بحوث ودراسات؛486 | |
| 650 | 4 |
_aالنقل البحري والبري-عالم عربي _934398 |
|
| 999 |
_aA14100 _c17668 _d17668 |
||